| 000 | 00711nam a22002177a 4500 | ||
|---|---|---|---|
| 999 |
_c19824 _d19824 |
||
| 003 | AR-CdUCM | ||
| 008 | 190222b ||||| |||| 00| 0 spa d | ||
| 020 | _a8482804022 | ||
| 040 |
_aMUNICIPALIDAD PROVINCIAL DEL CUSCO _cBIBLIOTECA MUNICIPAL DEL CUSCO |
||
| 082 |
_a780.978 / _bC29 |
||
| 100 |
_aCarpentier, Alejo _9216 |
||
| 245 | _aLa música en Cuba / | ||
| 260 |
_bFondo de cultura econmica, _c1946. _aMéxico : |
||
| 300 |
_a282 páginas ; _c20 cm. |
||
| 440 |
_aColección tierra firme _n19 _941457 |
||
| 505 | _aContenido : Introducción de la contradanza -- historia de la música cubana.. | ||
| 650 |
_aHistoria de la musica _96363 |
||
| 650 |
_aCuba _91821 |
||
| 942 |
_2ddc _cLIBROS |
||
| 945 | _arcc | ||